| 000 | 00759nam a22001817a 4500 | ||
|---|---|---|---|
| 999 |
_c59185 _d59185 |
||
| 003 | Ge_BSU | ||
| 005 | 20221202140817.0 | ||
| 008 | 221202s1983ge xxu||||| |||| 00| 0 geo d | ||
| 041 | _ageo | ||
| 080 | _a792(=353.1) : 821.353.1-94 ვ-22 | ||
| 100 |
_aვასაძე, აკაკი. _916323 |
||
| 245 |
_aმოგონებები. ფიქრები. _b წ. 2 / _cაკაკი ვასაძე, რედ. ვ. ბურკაძე |
||
| 264 |
_aთბილისი : _bსაქ. თეატრ. საზ-ბა, _c1983. |
||
| 300 |
_a379 გვ. : _b19 ფ. ილ. _c22 სმ. |
||
| 653 | _aქართული თეატრი. | ||
| 700 |
_aბურკაძე, ვ _eრედაქტორი _916324 |
||
| 942 |
_2udc _cBK |
||